[Event "14. Obert Int. Sant Marti 2012"]
[Site "Barcelona ESP"]
[Date "2012.07.14"]
[Round "2.33"]
[White "Vazquez Gamero, Miguel"]
[Black "Shoker, Samy"]
[Result "0-1"]
[WhiteElo "2088"]
[BlackElo "2504"]
[PlyCount "104"]
[EventDate "2012.07.13"]
[EventType "swiss"]
[EventRounds "9"]
[EventCountry "ESP"]
[SourceTitle "Ajedrez en Madrid"]
[Source "lmi"]
[SourceDate "2012.07.13"]
[SourceVersion "1"]
[SourceVersionDate "2019.06.21"]
[SourceQuality "1"]

1. e4 c5 2. Nf3 d6 3. d4 cxd4 4. Nxd4 Nf6 5. Nc3 a6 6. Be2 b5 7. Be3 Bb7 8. f3
Nbd7 9. Qd2 e6 10. O-O-O h5 11. Rhe1 Rc8 12. Bf1 Be7 13. h3 b4 14. Nce2 d5 15.
exd5 Nxd5 16. Nf4 Bh4 17. Re2 Nc3 18. Ndxe6 Nxe2+ 19. Qxe2 fxe6 20. Ng6 Rf8 21.
Nxf8 Kxf8 22. Qd2 Qc7 23. Qxb4+ Be7 24. Qf4+ Qxf4 25. Bxf4 Nb6 26. Bd3 Kf7 27.
Re1 Nd5 28. Bd2 Nb4 29. Bxb4 Bxb4 30. Re5 Rc5 31. Re2 Rg5 32. Bc4 Rg6 33. c3
Bd6 34. Kc2 Ke7 35. b4 e5 36. Bd3 Rf6 37. Kb3 g5 38. a3 g4 39. hxg4 hxg4 40.
fxg4 Rf4 41. Bf5 Bd5+ 42. Kb2 Bc4 43. Rd2 e4 44. g3 e3 45. gxf4 exd2 46. Kc2
Bxf4 47. Kd1 Kf6 48. a4 Kg5 49. b5 axb5 50. a5 Kh4 51. a6 Kg3 52. a7 Kf2 0-1

[Event "14. Obert Int. Sant Marti 2012"]
[Site "Barcelona ESP"]
[Date "2012.07.14"]
[Round "2.34"]
[White "Kopaloff, Nick"]
[Black "Pulvett, Daniel"]
[Result "0-1"]
[WhiteElo "2075"]
[BlackElo "2383"]
[PlyCount "98"]
[EventDate "2012.07.13"]
[EventType "swiss"]
[EventRounds "9"]
[EventCountry "ESP"]
[SourceTitle "Ajedrez en Madrid"]
[Source "lmi"]
[SourceDate "2012.07.13"]
[SourceVersion "1"]
[SourceVersionDate "2019.06.21"]
[SourceQuality "1"]

1. e4 c5 2. Nf3 d6 3. d4 cxd4 4. Qxd4 a6 5. c4 Nc6 6. Qd2 Nf6 7. Nc3 e6 8. b3
Be7 9. Bb2 O-O 10. Rd1 Qc7 11. Bd3 b6 12. O-O Bb7 13. Bb1 Rfd8 14. Qf4 Ne5 15.
Rfe1 Ng6 16. Qc1 e5 17. h3 Rac8 18. Qe3 Nf4 19. Na4 Nd7 20. g3 Ne6 21. Nc3 h6
22. Re2 Ng5 23. Nxg5 hxg5 24. Kh2 g6 25. f4 exf4 26. gxf4 gxf4 27. Qxf4 Ne5 28.
Nd5 Bxd5 29. exd5 Bg5 30. Qg3 Bh4 31. Qf4 Bg5 32. Qg3 Bf6 33. Rf1 Bg7 34. Ref2
Rf8 35. Qg5 Rce8 36. Rg2 Qe7 37. h4 Qxg5 38. Rxg5 Nd7 39. Bxg7 Re2+ 40. Kh3
Kxg7 41. Rfg1 Ne5 42. R5g2 Nf3 43. Rf1 Rxg2 44. Kxg2 Nxh4+ 45. Kg3 g5 46. Kg4
Ng2 47. Rf3 f6 48. Kg3 Nf4 49. Re3 b5 0-1

[Event "14. Obert Int. Sant Marti 2012"]
[Site "Barcelona ESP"]
[Date "2012.07.14"]
[Round "2.35"]
[White "Dominguez Pons, Eric"]
[Black "Garcia Castellote, Oscar"]
[Result "1-0"]
[WhiteElo "2325"]
[BlackElo "2088"]
[PlyCount "77"]
[EventDate "2012.07.13"]
[EventType "swiss"]
[EventRounds "9"]
[EventCountry "ESP"]
[SourceTitle "Ajedrez en Madrid"]
[Source "lmi"]
[SourceDate "2012.07.13"]
[SourceVersion "1"]
[SourceVersionDate "2019.06.21"]
[SourceQuality "1"]

1. d4 Nf6 2. Bg5 g6 3. Bxf6 exf6 4. e3 Bg7 5. h4 O-O 6. h5 f5 7. Qf3 c5 8. c3
cxd4 9. exd4 Re8+ 10. Kd1 d5 11. Nd2 Qb6 12. Nb3 Be6 13. Qd3 Nc6 14. Qb5 Qc7
15. Nf3 b6 16. Be2 f4 17. Ng5 Rad8 18. hxg6 hxg6 19. Nxe6 Rxe6 20. Bf3 Ne7 21.
Kc2 Nf5 22. Qd3 Qd6 23. Bg4 Rf6 24. Rae1 Nh6 25. Bh3 Kf8 26. Re5 Ng8 27. Rhe1
Qc6 28. Qa6 Rfd6 29. R5e2 Qc7 30. Kb1 Bf6 31. Nd2 Bg7 32. Nf3 Bf6 33. Ne5 Bg7
34. Nd7+ R8xd7 35. Bxd7 Qxd7 36. Qa3 Ne7 37. Rxe7 Qf5+ 38. Ka1 Kg8 39. Qxa7 1-0

[Event "14. Obert Int. Sant Marti 2012"]
[Site "Barcelona ESP"]
[Date "2012.07.14"]
[Round "2.36"]
[White "Avila Gimenez, Xavier"]
[Black "Layola Barrionuevo, Javier"]
[Result "0-1"]
[WhiteElo "2307"]
[BlackElo "2061"]
[PlyCount "49"]
[EventDate "2012.07.13"]
[EventType "swiss"]
[EventRounds "9"]
[EventCountry "ESP"]
[SourceTitle "Ajedrez en Madrid"]
[Source "lmi"]
[SourceDate "2012.07.13"]
[SourceVersion "1"]
[SourceVersionDate "2019.06.21"]
[SourceQuality "1"]

1. d4 Nf6 2. c4 c5 3. d5 e5 4. Nc3 d6 5. e4 g6 6. Be2 Bg7 7. h4 h5 8. Bg5 Qb6
9. Qd2 Na6 10. O-O-O Bd7 11. Nh3 Qa5 12. f3 b5 13. cxb5 Nc7 14. Nf2 a6 15. bxa6
O-O 16. Qc2 c4 17. Bxc4 Rfc8 18. Kd2 Qc5 19. Be2 Qxf2 20. Be3 Qg3 21. Bf1 Ncxd5
22. exd5 Nxd5 23. Qd3 Nxc3 24. bxc3 e4 25. Qb1 0-1

[Event "14. Obert Int. Sant Marti 2012"]
[Site "Barcelona ESP"]
[Date "2012.07.14"]
[Round "2.37"]
[White "Chakravarthi, Y V K.."]
[Black "Tomov, Georgi"]
[Result "1/2-1/2"]
[WhiteElo "2053"]
[BlackElo "2263"]
[PlyCount "53"]
[EventDate "2012.07.13"]
[EventType "swiss"]
[EventRounds "9"]
[EventCountry "ESP"]
[SourceTitle "Ajedrez en Madrid"]
[Source "lmi"]
[SourceDate "2012.07.13"]
[SourceVersion "1"]
[SourceVersionDate "2019.06.21"]
[SourceQuality "1"]

1. d4 Nf6 2. c4 e6 3. Nc3 Bb4 4. Qc2 O-O 5. a3 Bxc3+ 6. Qxc3 d5 7. Bg5 c5 8.
cxd5 cxd4 9. Qxd4 Nc6 10. Qh4 Qxd5 11. Bxf6 gxf6 12. Nf3 Qf5 13. g3 e5 14. Bg2
Rd8 15. O-O Be6 16. Qa4 a6 17. Nh4 Qg4 18. Qxg4+ Bxg4 19. Bxc6 bxc6 20. f3 Be6
21. Rfd1 Bb3 22. Rxd8+ Rxd8 23. Rc1 Rd2 24. Rxc6 Rxe2 25. Rxa6 h5 26. Rb6 Bc4
27. h3 1/2-1/2

[Event "14. Obert Int. Sant Marti 2012"]
[Site "Barcelona ESP"]
[Date "2012.07.14"]
[Round "2.39"]
[White "Ramirez Garcia, Jorge Alberto"]
[Black "Diaz-flores Garcia, Pablo"]
[Result "1-0"]
[WhiteElo "2241"]
[BlackElo "2018"]
[PlyCount "43"]
[EventDate "2012.07.13"]
[EventType "swiss"]
[EventRounds "9"]
[EventCountry "ESP"]
[SourceTitle "Ajedrez en Madrid"]
[Source "lmi"]
[SourceDate "2012.07.13"]
[SourceVersion "1"]
[SourceVersionDate "2019.06.21"]
[SourceQuality "1"]

1. e4 e6 2. d4 d5 3. Nc3 Bb4 4. e5 c5 5. Qg4 Ne7 6. dxc5 Qa5 7. Bd2 d4 8. Qxd4
Nbc6 9. Qe4 Nd5 10. Nge2 Qxc5 11. a3 Bxc3 12. Nxc3 f5 13. exf6 Nxf6 14. Qh4 O-O
15. Be3 Qh5 16. Qxh5 Nxh5 17. O-O-O a6 18. g3 Nf6 19. Bg2 e5 20. Bc5 Rf7 21.
Bxc6 bxc6 22. Rd8+ 1-0

[Event "14. Obert Int. Sant Marti 2012"]
[Site "Barcelona ESP"]
[Date "2012.07.14"]
[Round "2.40"]
[White "Garcia Mosquera, David"]
[Black "Minguez Rodriguez, Raul"]
[Result "0-1"]
[WhiteElo "2033"]
[BlackElo "2237"]
[PlyCount "70"]
[EventDate "2012.07.13"]
[EventType "swiss"]
[EventRounds "9"]
[EventCountry "ESP"]
[SourceTitle "Ajedrez en Madrid"]
[Source "lmi"]
[SourceDate "2012.07.13"]
[SourceVersion "1"]
[SourceVersionDate "2019.06.21"]
[SourceQuality "1"]

1. e4 e5 2. Nf3 Nc6 3. Bb5 f5 4. d3 fxe4 5. dxe4 Nf6 6. O-O d6 7. h3 Be7 8. Nc3
O-O 9. Bc4+ Kh8 10. a3 Qe8 11. Qd3 Nh5 12. Nd5 Bd8 13. Nh2 Nf4 14. Bxf4 exf4
15. Ng4 Bxg4 16. hxg4 Ne5 17. Qe2 c6 18. Nc3 f3 19. gxf3 Rxf3 20. Kg2 Qg6 21.
Qxf3 Nxf3 22. Kxf3 Bh4 23. Ke2 d5 24. Bd3 Qxg4+ 25. f3 Qg2+ 26. Ke3 Rd8 27.
exd5 cxd5 28. Ne2 Re8+ 29. Kd2 g6 30. f4 Bf2 31. Rh1 Bd4 32. Rh6 Bg7 33. Rhh1
Bf6 34. Rh6 Bg7 35. Rg1 Rxe2+ 0-1

[Event "14. Obert Int. Sant Marti 2012"]
[Site "Barcelona ESP"]
[Date "2012.07.14"]
[Round "2.41"]
[White "Capellades Subirana, Marc"]
[Black "De Azua Arpi, Rafael"]
[Result "1-0"]
[WhiteElo "2233"]
[BlackElo "1952"]
[PlyCount "73"]
[EventDate "2012.07.13"]
[EventType "swiss"]
[EventRounds "9"]
[EventCountry "ESP"]
[SourceTitle "Ajedrez en Madrid"]
[Source "lmi"]
[SourceDate "2012.07.13"]
[SourceVersion "1"]
[SourceVersionDate "2019.06.21"]
[SourceQuality "1"]

1. e4 e6 2. d4 d5 3. Nd2 Nf6 4. e5 Nfd7 5. Bd3 c5 6. c3 Nc6 7. Ne2 Qb6 8. O-O
cxd4 9. cxd4 Nxd4 10. Nxd4 Qxd4 11. Nf3 Qb6 12. Qa4 Qb4 13. Qc2 g6 14. Be3 Bg7
15. a3 Qe7 16. Bb5 O-O 17. Qc3 a6 18. Bxd7 Qxd7 19. Bg5 Qc6 20. Qd2 f6 21. Rac1
Qb6 22. exf6 Bxf6 23. Bxf6 Rxf6 24. Ne5 Qd6 25. Qd4 Rf5 26. f4 Qe7 27. Qb6 a5
28. Rc7 Qf8 29. g4 Ra6 30. Qd4 Qd8 31. Rxc8 Qxc8 32. gxf5 gxf5 33. Kh1 Qc2 34.
Rg1+ Kf8 35. Nf3 Qe4 36. Qc5+ Ke8 37. Rg8+ 1-0

[Event "14. Obert Int. Sant Marti 2012"]
[Site "Barcelona ESP"]
[Date "2012.07.14"]
[Round "2.42"]
[White "Severri Arrese, Carlos"]
[Black "Ortega Serra, Marc"]
[Result "1/2-1/2"]
[WhiteElo "1996"]
[BlackElo "2223"]
[PlyCount "104"]
[EventDate "2012.07.13"]
[EventType "swiss"]
[EventRounds "9"]
[EventCountry "ESP"]
[SourceTitle "Ajedrez en Madrid"]
[Source "lmi"]
[SourceDate "2012.07.13"]
[SourceVersion "1"]
[SourceVersionDate "2019.06.21"]
[SourceQuality "1"]

1. d4 Nf6 2. Bg5 e6 3. Nf3 c5 4. Bxf6 Qxf6 5. e3 Nc6 6. c3 d5 7. Nbd2 Bd6 8.
Bd3 O-O 9. O-O e5 10. dxe5 Nxe5 11. Nxe5 Bxe5 12. f4 Bc7 13. Qf3 c4 14. Bc2 Bb6
15. Kh1 Qc6 16. Rad1 f5 17. Rfe1 Be6 18. Qh3 Bc5 19. Nf3 b5 20. Nd4 Qd7 21. g4
Bxd4 22. exd4 g6 23. g5 Rae8 24. Re5 Bf7 25. Rde1 Rxe5 26. Rxe5 Re8 27. Qe3 a5
28. a3 b4 29. cxb4 axb4 30. Rxe8+ Bxe8 31. axb4 Bf7 32. Bd1 Qa7 33. Kg2 Qa1 34.
Qd2 Qa6 35. Kf2 Kf8 36. Ke1 Qa7 37. Kf2 Qb6 38. Qc3 Ke7 39. Ke3 Qe6+ 40. Kd2
Qd6 41. Qe3+ Kd7 42. Kc3 Kc6 43. Qe5 Qf8 44. Qf6+ Kb5 45. Kc2 Qxb4 46. Qxf7
Qb3+ 47. Kc1 Qe3+ 48. Kb1 Qd3+ 49. Ka2 Qxd1 50. Qb7+ Ka5 51. Qa7+ Kb4 52. Qb7+
Ka5 1/2-1/2

[Event "14. Obert Int. Sant Marti 2012"]
[Site "Barcelona ESP"]
[Date "2012.07.14"]
[Round "2.43"]
[White "Ramesa, Marin"]
[Black "Quero Ortega, Juan"]
[Result "1-0"]
[WhiteElo "2214"]
[BlackElo "1877"]
[PlyCount "121"]
[EventDate "2012.07.13"]
[EventType "swiss"]
[EventRounds "9"]
[EventCountry "ESP"]
[SourceTitle "Ajedrez en Madrid"]
[Source "lmi"]
[SourceDate "2012.07.13"]
[SourceVersion "1"]
[SourceVersionDate "2019.06.21"]
[SourceQuality "1"]

1. d4 Nf6 2. Nf3 g6 3. c4 Bg7 4. Nc3 d6 5. e4 O-O 6. Be2 Nc6 7. O-O Bg4 8. Be3
Bxf3 9. Bxf3 e5 10. d5 Ne7 11. c5 a6 12. b4 Nd7 13. Be2 f5 14. f3 f4 15. Bf2 g5
16. c6 bxc6 17. dxc6 Nf6 18. Nd5 Nfxd5 19. Bc4 Kh8 20. Bxd5 h5 21. h3 Nxd5 22.
Qxd5 Qf6 23. a4 g4 24. hxg4 hxg4 25. fxg4 Qg6 26. Ra3 Bh6 27. Rh3 Kg7 28. Be1
Qxg4 29. Bc3 Rf6 30. Qd1 Qxd1 31. Rxd1 Rb8 32. Rb1 Kg6 33. b5 axb5 34. axb5 Ra8
35. Bb4 f3 36. Rxf3 Rxf3 37. gxf3 Be3+ 38. Kg2 Bb6 39. Bc3 Ra3 40. Be1 Ra2+ 41.
Kh3 Kg5 42. Rb3 Kh5 43. Bg3 Kg5 44. Rd3 Rb2 45. f4+ exf4 46. Rd5+ Kf6 47. Bxf4
Ke6 48. Bd2 Ra2 49. Kg4 Ra4 50. Kf4 Ra2 51. Be3 Bxe3+ 52. Kxe3 Ra3+ 53. Kf4 Rb3
54. Rh5 Ke7 55. Rh7+ Kd8 56. Kf5 Rxb5+ 57. Kf6 Re5 58. Rh8+ Re8 59. Rxe8+ Kxe8
60. Ke6 Kd8 61. Kf7 1-0

[Event "14. Obert Int. Sant Marti 2012"]
[Site "Barcelona ESP"]
[Date "2012.07.14"]
[Round "2.44"]
[White "Franch Guiral, Ramon"]
[Black "Montalban Galvez, Antoni"]
[Result "1/2-1/2"]
[WhiteElo "1948"]
[BlackElo "2204"]
[PlyCount "118"]
[EventDate "2012.07.13"]
[EventType "swiss"]
[EventRounds "9"]
[EventCountry "ESP"]
[SourceTitle "Ajedrez en Madrid"]
[Source "lmi"]
[SourceDate "2012.07.13"]
[SourceVersion "1"]
[SourceVersionDate "2019.06.21"]
[SourceQuality "1"]

1. e4 c5 2. Nc3 Nc6 3. Nf3 e6 4. d3 d6 5. g3 a6 6. Bg2 Nf6 7. O-O Be7 8. Ne2
O-O 9. Nd2 Bd7 10. c3 Rc8 11. Qc2 b5 12. Re1 d5 13. exd5 exd5 14. Nf3 h6 15. d4
Ne4 16. Ne5 Bf5 17. Nxc6 Rxc6 18. Qd1 c4 19. f3 Nf6 20. g4 Bh7 21. Ng3 Re6 22.
Bf4 Rxe1+ 23. Qxe1 Bd6 24. Bxd6 Qxd6 25. Qf2 Re8 26. Re1 Re6 27. Nf1 b4 28.
Rxe6 fxe6 29. Qd2 a5 30. Ne3 Bb1 31. Nc2 bxc3 32. Qxc3 Qf4 33. Qe3 Qxe3+ 34.
Nxe3 Bxa2 35. Kf2 Nd7 36. Nd1 Kf7 37. Nc3 Bb3 38. f4 Nb6 39. Ke3 Bc2 40. Kd2
Bd3 41. h4 h5 42. gxh5 Bf5 43. Bf3 Ke7 44. Bd1 Nc8 45. Na4 Nd6 46. Nc5 Ne4+ 47.
Nxe4 Bxe4 48. Bg4 Bf5 49. Bd1 Kf6 50. Ke3 Bh3 51. Bc2 Bg4 52. Bg6 Bf5 53. Be8
Bh7 54. Ba4 Bg8 55. Kf3 Bf7 56. Kg4 Bg8 57. Bc2 Bf7 58. Ba4 Bg8 59. Bc2 Bf7
1/2-1/2

[Event "14. Obert Int. Sant Marti 2012"]
[Site "Barcelona ESP"]
[Date "2012.07.14"]
[Round "2.45"]
[White "Ruiz Molina, Gabriel"]
[Black "Lacasta Palacio, Joaquim"]
[Result "0-1"]
[WhiteElo "1945"]
[BlackElo "2195"]
[PlyCount "98"]
[EventDate "2012.07.13"]
[EventType "swiss"]
[EventRounds "9"]
[EventCountry "ESP"]
[SourceTitle "Ajedrez en Madrid"]
[Source "lmi"]
[SourceDate "2012.07.13"]
[SourceVersion "1"]
[SourceVersionDate "2019.06.21"]
[SourceQuality "1"]

1. d4 e6 2. c4 Bb4+ 3. Bd2 Qe7 4. a3 Bxd2+ 5. Qxd2 f5 6. Nc3 Nf6 7. Nf3 O-O 8.
h4 d6 9. g3 a5 10. Bg2 c6 11. O-O e5 12. e3 e4 13. Ng5 h6 14. Nh3 Be6 15. Qe2
Bf7 16. Na4 Nbd7 17. Rac1 Nh5 18. c5 d5 19. Nc3 g5 20. hxg5 hxg5 21. b4 axb4
22. axb4 Ng7 23. Ra1 Ne6 24. b5 Nf6 25. Qd2 Kg7 26. b6 Nh5 27. Ra7 Rab8 28.
Rfa1 Qf6 29. R1a4 Qh6 30. Kf1 Nf6 31. Ng1 Bh5 32. Nce2 Ng4 33. Ke1 Nh2 34. Qa2
f4 35. Ra8 Bxe2 36. Rxb8 Rxb8 37. Kxe2 f3+ 38. Nxf3 exf3+ 39. Bxf3 Nxf3 40.
Kxf3 Qh5+ 41. g4 Qh3+ 42. Ke2 Qxg4+ 43. Kd2 Rf8 44. Kc3 Qd1 45. f4 Qe1+ 46. Kd3
Rh8 47. Ra7 Nxf4+ 48. exf4 Rh3+ 49. Kc2 Qf2+ 0-1

[Event "14. Obert Int. Sant Marti 2012"]
[Site "Barcelona ESP"]
[Date "2012.07.14"]
[Round "2.46"]
[White "Cardenas, Fernando Adrian"]
[Black "Busquets, Luis"]
[Result "0-1"]
[WhiteElo "1916"]
[BlackElo "2193"]
[PlyCount "67"]
[EventDate "2012.07.13"]
[EventType "swiss"]
[EventRounds "9"]
[EventCountry "ESP"]
[SourceTitle "Ajedrez en Madrid"]
[Source "lmi"]
[SourceDate "2012.07.13"]
[SourceVersion "1"]
[SourceVersionDate "2019.06.21"]
[SourceQuality "1"]

1. Nf3 d6 2. d4 Nf6 3. g3 g6 4. Bg2 Bg7 5. c4 O-O 6. Nc3 Nc6 7. O-O a6 8. h3
Rb8 9. Qc2 Bd7 10. e4 e5 11. d5 Ne7 12. c5 Nh5 13. cxd6 cxd6 14. a4 b5 15. axb5
axb5 16. b4 h6 17. Ra7 f5 18. Nd2 Nf6 19. Qd3 f4 20. Nb3 g5 21. Bd2 Ne8 22.
Rfa1 Nc8 23. R7a2 Qf6 24. Rf1 f3 25. Bh1 Bxh3 26. Rc1 Bd7 27. Ra6 Qf7 28. Na5
Qh5 29. Nc6 Rb7 30. Nxb5 Nf6 31. Bxf3 Ng4 32. Be1 Rxb5 33. Qxb5 Rxf3 34. Kg2
0-1

[Event "14. Obert Int. Sant Marti 2012"]
[Site "Barcelona ESP"]
[Date "2012.07.14"]
[Round "2.47"]
[White "Leiro Giralt, Daniel"]
[Black "Porta Tovar, Guillem"]
[Result "0-1"]
[WhiteElo "2214"]
[BlackElo "1846"]
[PlyCount "104"]
[EventDate "2012.07.13"]
[EventType "swiss"]
[EventRounds "9"]
[EventCountry "ESP"]
[SourceTitle "Ajedrez en Madrid"]
[Source "lmi"]
[SourceDate "2012.07.13"]
[SourceVersion "1"]
[SourceVersionDate "2019.06.21"]
[SourceQuality "1"]

1. e4 e5 2. Nf3 Nc6 3. Bc4 Bc5 4. c3 Nf6 5. d3 d6 6. Bb3 Be6 7. Bc2 h6 8. O-O
Ne7 9. d4 exd4 10. cxd4 Bb6 11. Nc3 O-O 12. h3 Ng6 13. Na4 c6 14. Nxb6 Qxb6 15.
Re1 Rad8 16. b3 d5 17. e5 Ne4 18. Ba3 Bf5 19. Bxf8 Rxf8 20. Bxe4 dxe4 21. Nd2
Qxd4 22. Nxe4 Qxe5 23. Ng3 Qf6 24. Qf3 Nh4 25. Qf4 g5 26. Qe5 Qxe5 27. Rxe5
Bxh3 28. Re7 Nxg2 29. Rxb7 Nh4 30. Kh2 g4 31. Ne2 Nf3+ 32. Kh1 Rd8 33. Ng1 Ng5
34. Rxa7 Rd2 35. Nxh3 Nxh3 36. Rf1 Nxf2+ 37. Kg2 Ne4+ 38. Kg1 Ng5 39. Rf5 g3
40. Rxg5+ hxg5 41. a4 f5 42. Ra5 Rf2 43. Rc5 Kf7 44. a5 f4 45. a6 Ra2 46. Rxg5
Kf6 47. Rc5 f3 48. Rxc6+ Kg5 49. Rc1 Rxa6 50. b4 Kg4 51. b5 Ra2 52. b6 Kh3 0-1

[Event "14. Obert Int. Sant Marti 2012"]
[Site "Barcelona ESP"]
[Date "2012.07.14"]
[Round "2.48"]
[White "Garcia Acosta, Roger"]
[Black "Meza Martinez, Alcides Ivan"]
[Result "0-1"]
[WhiteElo "1894"]
[BlackElo "2187"]
[PlyCount "92"]
[EventDate "2012.07.13"]
[EventType "swiss"]
[EventRounds "9"]
[EventCountry "ESP"]
[SourceTitle "Ajedrez en Madrid"]
[Source "lmi"]
[SourceDate "2012.07.13"]
[SourceVersion "1"]
[SourceVersionDate "2019.06.21"]
[SourceQuality "1"]

1. e4 e6 2. d4 d5 3. Nc3 Bb4 4. e5 c5 5. a3 Bxc3+ 6. bxc3 Qa5 7. Bd2 Qa4 8. Qb1
c4 9. h4 Nc6 10. h5 h6 11. g3 Bd7 12. Bh3 O-O-O 13. Ne2 Nge7 14. Nf4 b6 15. O-O
Kb7 16. Kh2 a5 17. Qd1 Ka6 18. Ng2 Rdg8 19. Ne3 Nd8 20. f4 f5 21. exf6 gxf6 22.
f5 Rf8 23. Bc1 Qc6 24. a4 Rf7 25. Ba3 Nxf5 26. Nxf5 exf5 27. Bxf5 Bxf5 28. Rxf5
Re8 29. Bc1 Re4 30. Rf2 f5 31. Bf4 Ne6 32. Be5 Ng5 33. Qf1 Qe6 34. Re2 Rxe2+
35. Qxe2 f4 36. gxf4 Qh3+ 37. Kg1 Ne4 38. Qg2 Qxh5 39. Qg8 Qf5 40. Re1 Rf8 41.
Qg2 Qf7 42. Kf1 Rg8 43. Qh2 Qg6 44. Re2 Ng3+ 45. Ke1 Nxe2 46. Qxe2 Qg1+ 0-1

[Event "14. Obert Int. Sant Marti 2012"]
[Site "Barcelona ESP"]
[Date "2012.07.14"]
[Round "2.49"]
[White "Hernandez Moya, Yuleisy"]
[Black "Roig Ruiz, Carles"]
[Result "1-0"]
[WhiteElo "2177"]
[BlackElo "1832"]
[PlyCount "61"]
[EventDate "2012.07.13"]
[EventType "swiss"]
[EventRounds "9"]
[EventCountry "ESP"]
[SourceTitle "Ajedrez en Madrid"]
[Source "lmi"]
[SourceDate "2012.07.13"]
[SourceVersion "1"]
[SourceVersionDate "2019.06.21"]
[SourceQuality "1"]

1. e4 e6 2. d4 d5 3. exd5 exd5 4. Bd3 Bd6 5. Ne2 Ne7 6. O-O O-O 7. Bf4 Bf5 8.
Bg3 Nbc6 9. c3 Re8 10. Qc2 Bxd3 11. Qxd3 Ng6 12. Nd2 Bf8 13. Nf3 Qd7 14. Rfe1
Re7 15. h4 Qg4 16. Qb5 Rae8 17. Qxb7 Re6 18. Qb5 Rb8 19. Qxd5 Rxb2 20. Kf1 Nce7
21. Qc4 Nf5 22. Bxc7 Ngxh4 23. Nxh4 Qxh4 24. Kg1 Rh6 25. f3 Ne3 26. Qd3 Qh1+
27. Kf2 Qxg2+ 28. Kxe3 Re6+ 29. Be5 f6 30. Qc4 Kf7 31. Qxe6+ 1-0

[Event "14. Obert Int. Sant Marti 2012"]
[Site "Barcelona ESP"]
[Date "2012.07.14"]
[Round "2.50"]
[White "Olive Oller, Guim"]
[Black "Dave, Dhyani"]
[Result "0-1"]
[WhiteElo "1850"]
[BlackElo "2170"]
[PlyCount "60"]
[EventDate "2012.07.13"]
[EventType "swiss"]
[EventRounds "9"]
[EventCountry "ESP"]
[SourceTitle "Ajedrez en Madrid"]
[Source "lmi"]
[SourceDate "2012.07.13"]
[SourceVersion "1"]
[SourceVersionDate "2019.06.21"]
[SourceQuality "1"]

1. d4 d5 2. Nf3 Nf6 3. c4 c6 4. cxd5 cxd5 5. Nc3 e6 6. Bg5 Be7 7. e3 O-O 8. Bd3
Nc6 9. O-O h6 10. Bh4 Bd7 11. Rc1 Rc8 12. Bb1 Nh5 13. Bxe7 Qxe7 14. Ne5 Nf6 15.
Qd3 Nb4 16. Qe2 Rfd8 17. g3 Nc6 18. Qd3 Be8 19. f4 g6 20. h3 Nh7 21. g4 f5 22.
gxf5 gxf5 23. Rc2 Nxe5 24. dxe5 Bc6 25. Kh2 Kh8 26. Rcf2 Rg8 27. Ne2 Qh4 28.
Qd1 Bb5 29. Bd3 Bc6 30. Nd4 Rg3 0-1

[Event "14. Obert Int. Sant Marti 2012"]
[Site "Barcelona ESP"]
[Date "2012.07.14"]
[Round "2.51"]
[White "Shatko, Danil"]
[Black "Cano Sevila, Ivan"]
[Result "1-0"]
[WhiteElo "2143"]
[BlackElo "1521"]
[PlyCount "93"]
[EventDate "2012.07.13"]
[EventType "swiss"]
[EventRounds "9"]
[EventCountry "ESP"]
[SourceTitle "Ajedrez en Madrid"]
[Source "lmi"]
[SourceDate "2012.07.13"]
[SourceVersion "1"]
[SourceVersionDate "2019.06.21"]
[SourceQuality "1"]

1. Nf3 Nf6 2. e3 d5 3. c4 e6 4. Nc3 c6 5. d4 Bb4 6. Bd3 O-O 7. O-O Nbd7 8. Qc2
h6 9. a3 Ba5 10. b4 Bc7 11. Bb2 e5 12. cxd5 cxd5 13. Nb5 Bb8 14. dxe5 Ng4 15.
Nbd4 Ngxe5 16. Be2 Nxf3+ 17. Nxf3 Nf6 18. Rfd1 Be6 19. Bd4 Bd6 20. Qb2 Qe7 21.
Rac1 a6 22. Ne5 Rac8 23. Nd3 Rxc1 24. Rxc1 Rc8 25. Rd1 Ne8 26. Nf4 Bxf4 27.
exf4 Bf5 28. Bc5 Qe4 29. Qd2 b6 30. Bxa6 Ra8 31. Bb7 Rxa3 32. Re1 Rd3 33. Qc1
Qc4 34. Qxc4 dxc4 35. g4 Nf6 36. gxf5 bxc5 37. bxc5 c3 38. Rc1 Ne8 39. Ba6 Rf3
40. Kg2 Rxf4 41. Rxc3 Rxf5 42. c6 Nc7 43. Bc8 Rg5+ 44. Kf3 Rh5 45. h3 Ne6 46.
Bxe6 fxe6 47. Ke2 1-0

[Event "14. Obert Int. Sant Marti 2012"]
[Site "Barcelona ESP"]
[Date "2012.07.14"]
[Round "2.52"]
[White "Nadal Fajardo, Ricard"]
[Black "Asensio Linan, Teodoro"]
[Result "0-1"]
[WhiteElo "1707"]
[BlackElo "2120"]
[PlyCount "42"]
[EventDate "2012.07.13"]
[EventType "swiss"]
[EventRounds "9"]
[EventCountry "ESP"]
[SourceTitle "Ajedrez en Madrid"]
[Source "lmi"]
[SourceDate "2012.07.13"]
[SourceVersion "1"]
[SourceVersionDate "2019.06.21"]
[SourceQuality "1"]

1. d4 Nf6 2. Nf3 e6 3. c4 c5 4. e3 a6 5. Nc3 g6 6. Be2 Qc7 7. Qc2 Bg7 8. O-O
O-O 9. a3 cxd4 10. exd4 b6 11. Be3 Bb7 12. Rac1 Ng4 13. h3 Nxe3 14. fxe3 Bh6
15. Qd3 d6 16. Rce1 Nd7 17. b4 Rac8 18. Nd2 b5 19. c5 dxc5 20. bxc5 Nxc5 21.
dxc5 Rfd8 0-1

[Event "14. Obert Int. Sant Marti 2012"]
[Site "Barcelona ESP"]
[Date "2012.07.15"]
[Round "3.1"]
[White "Deepan, Chakkravarthy J"]
[Black "Quesada Perez, Yuniesky"]
[Result "1-0"]
[WhiteElo "2468"]
[BlackElo "2626"]
[PlyCount "75"]
[EventDate "2012.07.13"]
[EventType "swiss"]
[EventRounds "9"]
[EventCountry "ESP"]
[SourceTitle "Ajedrez en Madrid"]
[Source "lmi"]
[SourceDate "2012.07.13"]
[SourceVersion "1"]
[SourceVersionDate "2019.06.21"]
[SourceQuality "1"]

1. d4 Nf6 2. Nf3 e6 3. c4 c5 4. d5 exd5 5. cxd5 d6 6. Nc3 a6 7. a4 g6 8. h3 Qe7
9. Bf4 Nbd7 10. Qc2 Bg7 11. e3 O-O 12. Be2 Ne8 13. O-O f5 14. Rab1 h6 15. Bh2
g5 16. Nd2 Ne5 17. f4 gxf4 18. exf4 Ng6 19. Rbe1 Bd4+ 20. Kh1 Qg7 21. Nc4 Bd7
22. Nb6 Rd8 23. Bd3 Qf7 24. Nxd7 Rxd7 25. Rxe8 Qxe8 26. Bxf5 Rg7 27. Be6+ Kh8
28. Ne4 Qd8 29. Qe2 Nh4 30. g4 Ng6 31. g5 Ne7 32. f5 hxg5 33. f6 Rh7 34. fxe7
Qxe7 35. Rxf8+ Qxf8 36. Nxg5 Qh6 37. Nxh7 Qxh7 38. Kg2 1-0

[Event "14. Obert Int. Sant Marti 2012"]
[Site "Barcelona ESP"]
[Date "2012.07.15"]
[Round "3.2"]
[White "Gonzalez Perez, Arian"]
[Black "Barsov, Alexei"]
[Result "1/2-1/2"]
[WhiteElo "2452"]
[BlackElo "2539"]
[PlyCount "26"]
[EventDate "2012.07.13"]
[EventType "swiss"]
[EventRounds "9"]
[EventCountry "ESP"]
[SourceTitle "Ajedrez en Madrid"]
[Source "lmi"]
[SourceDate "2012.07.13"]
[SourceVersion "1"]
[SourceVersionDate "2019.06.21"]
[SourceQuality "1"]

1. e4 e6 2. d4 d5 3. Nc3 Bb4 4. exd5 exd5 5. Bd3 Nc6 6. a3 Be7 7. Nce2 Bf6 8.
c3 g6 9. Nf3 Nge7 10. Ng3 h5 11. h3 h4 12. Ne2 Bf5 13. Bf4 Bxd3 1/2-1/2